Trouve l'anime - lettre A (difficile) - Statistiques

Statistiques générales
  • Ce quiz a été pris 44 fois
  • Le résultat moyen est 5 sur 20
Statistiques - réponses
Par images Réponse % Correct
Assassination Classroom
98%
Another
71%
Akira
64%
Angel Beats
55%
Ano Hana
50%
Ashita no Joe
29%
Aggretsuko
26%
Akiba Maid War
17%
Aku no Hana
17%
Amagi Brilliant Park
17%
ARIA
14%
Asobi Asobase
14%
Aho Girl
12%
Amagami-san Chi no Enmusubi
12%
Akebi-chan no sailor fuku
10%
Assassins pride
10%
Acro Trip
2%
Abunai Sisters
0%
Araburu kisetsu no otome domo yo
0%
Asura Cryin'
0%
Aucun quiz correspondant
Distribution des résultats
% des personnes avec chaque résultat
Percentile par nombre de réponses
Votre historique - résultats
Vous n’avez pas pris ce quiz